000 00908nam a2200241 a 4500
001 BRCA_2339
005 20190320203751.0
008 071008s1985----mx-a---###---#000-0#spa-#
020 _a9688420328 (Obra completa)
050 4 _aF1211.H9
_b.L33 1985
100 1 _aHumboldt, Alejandro de
_97025
245 1 0 _aEnsayo político sobre el reino de la Nueva España
_cAlejandro de Humboldt ; coordinación editorial Horacio Labastida Muñoz.
260 _aMéxico
_bInstituto Cultural Helénico : MIguel Ángel Porrúa
_c1985
300 _a4 v.
_bil.
_c24 cm.
500 _aFacsímil de : París, 1822
504 _aIncluye referencias bibliográficas e índice
650 1 4 _aViajeros alemanes
_97026
650 1 4 _aMinas y recursos minerales
_97027
651 4 _aMéxico
_xDescripción y viajes
_9103
653 0 _aViajeros extranjeros en México
700 1 _aLabastida Muñoz, Horacio
_97028
942 _2lcc
_cB
999 _c2083
_d2083